Toutes les étendues d'eau dans Pokémon - Statistiques

Statistiques générales
  • Ce quiz a été pris 12 fois
  • Le résultat moyen est 20 sur 60
Statistiques - réponses
Région Etendue d'eau % Correct
Sinnoh Lac Savoir
100%
Sinnoh Lac Courage
86%
Sinnoh Lac Vérité
86%
Kanto Chenal 19
71%
Kanto Chenal 20
71%
Kanto Chenal 21
71%
Johto Chenal 40
71%
Johto Chenal 41
71%
Unys Chenal 17
57%
Johto Lac Colère
57%
Kalos Baie Azur
43%
Hoenn Chenal 105
43%
Hoenn Chenal 106
43%
Hoenn Chenal 107
43%
Hoenn Chenal 108
43%
Hoenn Chenal 109
43%
Hoenn Chenal 122
43%
Hoenn Chenal 124
43%
Hoenn Chenal 125
43%
Hoenn Chenal 126
43%
Hoenn Chenal 127
43%
Hoenn Chenal 128
43%
Hoenn Chenal 129
43%
Hoenn Chenal 130
43%
Hoenn Chenal 131
43%
Hoenn Chenal 132
43%
Hoenn Chenal 133
43%
Hoenn Chenal 134
43%
Sinnoh Chenal 220
43%
Sinnoh Chenal 223
43%
Sinnoh Chenal 226
43%
Sinnoh Chenal 230
43%
Unys Baie Vaguelone
29%
Galar (Isolarmure) Mer Isol'Ilôts
29%
Alola Baie de Kala'e
14%
Hoenn Fond marin
14%
Paldea Lac Asrol
14%
Galar Lac Coupenotte Est
14%
Galar Lac Coupenotte Ouest
14%
Alola Lac du Halo Lunaire
14%
Alola Lac du Halo Solaire
14%
Galar Lac Milobellus Nord
14%
Galar Lac Milobellus Sud
14%
Galar (Couronneige) Lac Poké Ball
14%
Galar (Isolarmure) Mer Align'Ilôts
14%
Galar (Isolarmure) Mer Calméole
14%
Paldea Mer de l'Est de Paldea
14%
Paldea Mer de l'Ouest de Paldea
14%
Alola Mer de Mele-Mele
14%
Paldea Mer du Nord de Paldea
14%
Paldea Mer du Sud de Paldea
14%
Alola Route 7
14%
Hisui Baie Sérénité
0%
Galar Lac Ouragan
0%
Galar (Isolarmure) Lagune Circulaire
0%
Galar (Couronneige) Mer Banquise
0%
Galar (Isolarmure) Mer Eau-Hisse
0%
Alola Route 15
0%
Sinnoh Source Adieu
0%
Hisui Source Reculée
0%
Aucun quiz correspondant
Distribution des résultats
% des personnes avec chaque résultat
Percentile par nombre de réponses
Votre historique - résultats
Vous n’avez pas pris ce quiz